Nutrition for health, fitness, & sport
This textbook provides the reader with thorough coverage of the role nutrition plays in enhancing one's health, fitness and sport performance. Current research and practical activities are incorporated throughout.
Shranjeno v:
| Glavni avtor: | |
|---|---|
| Format: | Knjiga |
| Jezik: | Undetermined |
| Izdano: |
Dubuque, IA
McGraw-Hill
2005
|
| Teme: | |
| Oznake: |
Označite
Brez oznak, prvi označite!
|
| Thư viện lưu trữ: | Trung tâm Học liệu Trường Đại học Cần Thơ |
|---|
| LEADER | 00872nam a2200217Ia 4500 | ||
|---|---|---|---|
| 001 | CTU_166123 | ||
| 008 | 210402s9999 xx 000 0 und d | ||
| 020 | |c 90.75 | ||
| 082 | |a 613.2 | ||
| 082 | |b W725 | ||
| 100 | |a Williams, Melvin H. | ||
| 245 | 0 | |a Nutrition for health, fitness, & sport | |
| 245 | 0 | |c Melvin H. Williams | |
| 260 | |a Dubuque, IA | ||
| 260 | |b McGraw-Hill | ||
| 260 | |c 2005 | ||
| 520 | |a This textbook provides the reader with thorough coverage of the role nutrition plays in enhancing one's health, fitness and sport performance. Current research and practical activities are incorporated throughout. | ||
| 650 | |a Dinh dưỡng,Thể chất,Thể thao,Nutrition,Physical fitness,Sports | ||
| 650 | |x Khía cạnh sinh lý,Physiological aspects | ||
| 904 | |i Bạch Trúc | ||
| 980 | |a Trung tâm Học liệu Trường Đại học Cần Thơ | ||